Megacorporations dans la science-fiction - Statistiques

Statistiques générales
  • Ce quiz a été pris 16 fois
  • Le résultat moyen est 6 sur 15
Statistiques - réponses
Hint Réponse % Correct
Stark Industries Iron-Man
93%
La Fédération du commerce Star Wars
71%
Oscorp Spiderman
64%
Umbrella Resident Evil
50%
Vought International The Boys
50%
Abstergo Industries Assassin's Creed
43%
Vault-Tec Fallout
43%
Weyland Alien
29%
Tyrell Corporation Blade Runner
29%
Arasaka Cyberpunk 2077
29%
CyberDyne Terminator
29%
Cyber Life Detroit: Become Human
14%
MomCorp Futurama
14%
Red Dragon Crime Syndicate Cowboy bebop
7%
Cerberus Mass Effect
7%
Aucun quiz correspondant
Distribution des résultats
% des personnes avec chaque résultat
Percentile par nombre de réponses
Votre historique - résultats
Vous n’avez pas pris ce quiz